<?xml version="1.0" encoding="UTF-8"?>
<record
    xmlns:xsi="http://www.w3.org/2001/XMLSchema-instance"
    xsi:schemaLocation="http://www.loc.gov/MARC21/slim http://www.loc.gov/standards/marcxml/schema/MARC21slim.xsd"
    xmlns="http://www.loc.gov/MARC21/slim">

  <leader>01981nam0a22003011  4500</leader>
  <controlfield tag="001">v19\rc\1636777</controlfield>
  <controlfield tag="005">20260412063251.0</controlfield>
  <datafield tag="035" ind1=" " ind2=" ">
    <subfield code="a">(NLR Aleph) 005240321</subfield>
  </datafield>
  <datafield tag="090" ind1=" " ind2=" ">
    <subfield code="a">5697463</subfield>
    <subfield code="c">5697463</subfield>
  </datafield>
  <datafield tag="100" ind1=" " ind2=" ">
    <subfield code="a">20061002d1900    |||y0rusy50      ca</subfield>
  </datafield>
  <datafield tag="101" ind1="1" ind2=" ">
    <subfield code="a">rus</subfield>
    <subfield code="c">fre</subfield>
  </datafield>
  <datafield tag="102" ind1=" " ind2=" ">
    <subfield code="a">RU</subfield>
  </datafield>
  <datafield tag="105" ind1=" " ind2=" ">
    <subfield code="a">y   z   |||a|</subfield>
  </datafield>
  <datafield tag="200" ind1="1" ind2=" ">
    <subfield code="a">&#x41D;&#x43E;&#x432;&#x44B;&#x435; &#x440;&#x430;&#x441;&#x441;&#x43A;&#x430;&#x437;&#x44B; &#x413;&#x44E;&#x438; &#x434;&#x435;-&#x41C;&#x43E;&#x43F;&#x430;&#x441;&#x441;&#x430;&#x43D;&#x430;</subfield>
    <subfield code="f">&#x41F;&#x435;&#x440;. &#x441; &#x444;&#x440;. &#x421;.&#x421;. &#x41C;&#x438;&#x440;&#x438;&#x43C;&#x430;&#x43D;&#x43E;&#x432;&#x43E;&#x439;</subfield>
  </datafield>
  <datafield tag="205" ind1=" " ind2=" ">
    <subfield code="a">(&#x41F;&#x43E;&#x441;&#x43C;&#x435;&#x440;&#x442;. &#x438;&#x437;&#x434;.)</subfield>
  </datafield>
  <datafield tag="210" ind1=" " ind2=" ">
    <subfield code="a">&#x421;&#x430;&#x43D;&#x43A;&#x442;-&#x41F;&#x435;&#x442;&#x435;&#x440;&#x431;&#x443;&#x440;&#x433;</subfield>
    <subfield code="c">&#x440;&#x435;&#x434;. "&#x41D;&#x43E;&#x432;&#x43E;&#x433;&#x43E; &#x436;&#x443;&#x440;&#x43D;. &#x438;&#x43D;&#x43E;&#x441;&#x442;&#x440;. &#x43B;&#x438;&#x442;&#x435;&#x440;&#x430;&#x442;&#x443;&#x440;&#x44B;"</subfield>
    <subfield code="d">1900</subfield>
  </datafield>
  <datafield tag="215" ind1=" " ind2=" ">
    <subfield code="a">[2], 189, [2] &#x441;.</subfield>
    <subfield code="d">16</subfield>
  </datafield>
  <datafield tag="327" ind1="0" ind2=" ">
    <subfield code="a">&#x421;&#x43E;&#x434;&#x435;&#x440;&#x436;&#x430;&#x43D;&#x438;&#x435;: &#x414;&#x44F;&#x434;&#x44F; &#x41C;&#x438;&#x43B;&#x43E;&#x43D;; &#x412;&#x435;&#x441;&#x435;&#x43D;&#x43D;&#x438;&#x439; &#x432;&#x435;&#x447;&#x435;&#x440;; &#x421;&#x43B;&#x435;&#x43F;&#x43E;&#x439;; &#x41F;&#x438;&#x440;&#x43E;&#x433;; &#x41F;&#x440;&#x44B;&#x436;&#x43E;&#x43A; &#x43F;&#x430;&#x441;&#x442;&#x443;&#x445;&#x430;; &#x421;&#x442;&#x430;&#x440;&#x44B;&#x435; &#x43F;&#x440;&#x435;&#x434;&#x43C;&#x435;&#x442;&#x44B;; &#x41C;&#x430;&#x433;&#x43D;&#x435;&#x442;&#x438;&#x437;&#x43C;; &#x41A;&#x43E;&#x440;&#x441;&#x438;&#x43A;&#x430;&#x43D;&#x441;&#x43A;&#x438;&#x439; &#x431;&#x430;&#x43D;&#x434;&#x438;&#x442;; &#x412;&#x43E;&#x437;&#x43B;&#x435; &#x443;&#x43C;&#x435;&#x440;&#x448;&#x435;&#x439;; &#x421;&#x43D;&#x44B;; &#x418;&#x441;&#x43F;&#x43E;&#x432;&#x435;&#x434;&#x44C; &#x436;&#x435;&#x43D;&#x449;&#x438;&#x43D;&#x44B;; &#x421;&#x438;&#x440;&#x43E;&#x442;&#x430;; &#x421;&#x442;&#x440;&#x430;&#x441;&#x442;&#x44C;; &#x414;&#x432;&#x430; &#x43F;&#x438;&#x441;&#x44C;&#x43C;&#x430;; &#x425;&#x438;&#x442;&#x440;&#x43E;&#x441;&#x442;&#x44C;; &#x418;&#x432;&#x435;&#x43B;&#x438;&#x43D;&#x430; &#x421;&#x430;&#x43C;&#x43E;&#x440;&#x438;; &#x414;&#x440;&#x443;&#x433; &#x416;&#x43E;&#x437;&#x435;&#x444;&#x430;; &#x41B;&#x443;&#x43D;&#x43D;&#x44B;&#x439; &#x441;&#x432;&#x435;&#x442;</subfield>
  </datafield>
  <datafield tag="464" ind1=" " ind2="0">
    <subfield code="1">2001#$a&#x414;&#x44F;&#x434;&#x44F; &#x41C;&#x438;&#x43B;&#x43E;&#x43D;$a&#x412;&#x435;&#x441;&#x435;&#x43D;&#x43D;&#x438;&#x439; &#x432;&#x435;&#x447;&#x435;&#x440;$a&#x421;&#x43B;&#x435;&#x43F;&#x43E;&#x439;$a&#x41F;&#x438;&#x440;&#x43E;&#x433;$a&#x41F;&#x440;&#x44B;&#x436;&#x43E;&#x43A; &#x43F;&#x430;&#x441;&#x442;&#x443;&#x445;&#x430;$a&#x421;&#x442;&#x430;&#x440;&#x44B;&#x435; &#x43F;&#x440;&#x435;&#x434;&#x43C;&#x435;&#x442;&#x44B;$a&#x41C;&#x430;&#x433;&#x43D;&#x435;&#x442;&#x438;&#x437;&#x43C;$a&#x41A;&#x43E;&#x440;&#x441;&#x438;&#x43A;&#x430;&#x43D;&#x441;&#x43A;&#x438;&#x439; &#x431;&#x430;&#x43D;&#x434;&#x438;&#x442;$a&#x412;&#x43E;&#x437;&#x43B;&#x435; &#x443;&#x43C;&#x435;&#x440;&#x448;&#x435;&#x439;$a&#x421;&#x43D;&#x44B;$a&#x418;&#x441;&#x43F;&#x43E;&#x432;&#x435;&#x434;&#x44C; &#x436;&#x435;&#x43D;&#x449;&#x438;&#x43D;&#x44B;$a&#x421;&#x438;&#x440;&#x43E;&#x442;&#x430;$a&#x421;&#x442;&#x440;&#x430;&#x441;&#x442;&#x44C;$a&#x414;&#x432;&#x430; &#x43F;&#x438;&#x441;&#x44C;&#x43C;&#x430;$a&#x425;&#x438;&#x442;&#x440;&#x43E;&#x441;&#x442;&#x44C;$a&#x418;&#x432;&#x435;&#x43B;&#x438;&#x43D;&#x430; &#x421;&#x430;&#x43C;&#x43E;&#x440;&#x438;$a&#x414;&#x440;&#x443;&#x433; &#x416;&#x43E;&#x437;&#x435;&#x444;&#x430;$a&#x41B;&#x443;&#x43D;&#x43D;&#x44B;&#x439; &#x441;&#x432;&#x435;&#x442;</subfield>
    <subfield code="t">&#x41B;&#x443;&#x43D;&#x43D;&#x44B;&#x439; &#x441;&#x432;&#x435;&#x442;</subfield>
  </datafield>
  <datafield tag="700" ind1=" " ind2="1">
    <subfield code="8">rus</subfield>
    <subfield code="7">ca</subfield>
    <subfield code="a">&#x41C;&#x43E;&#x43F;&#x430;&#x441;&#x441;&#x430;&#x43D;</subfield>
    <subfield code="b">&#x413;. &#x434;&#x435;</subfield>
    <subfield code="f">1850-1893</subfield>
    <subfield code="g">&#x413;&#x438; &#x434;&#x435;</subfield>
    <subfield code="3">RU\NLR\AUTH\7713484</subfield>
    <subfield code="9">123173</subfield>
  </datafield>
  <datafield tag="702" ind1=" " ind2="1">
    <subfield code="4">730</subfield>
    <subfield code="8">rus</subfield>
    <subfield code="7">ca</subfield>
    <subfield code="a">&#x41C;&#x438;&#x440;&#x438;&#x43C;&#x430;&#x43D;&#x43E;&#x432;&#x430;</subfield>
    <subfield code="b">&#x421;. &#x421;.</subfield>
    <subfield code="f">19 &#x432;.</subfield>
    <subfield code="g">&#x421;&#x43E;&#x444;&#x44C;&#x44F; &#x421;&#x435;&#x43C;&#x435;&#x43D;&#x43E;&#x432;&#x43D;&#x430;</subfield>
    <subfield code="3">RU\NLR\AUTH\7780224</subfield>
    <subfield code="9">63152</subfield>
  </datafield>
  <datafield tag="801" ind1=" " ind2="2">
    <subfield code="a">RU</subfield>
    <subfield code="b">NLR</subfield>
    <subfield code="c">20090914</subfield>
    <subfield code="2">rusmarc</subfield>
  </datafield>
  <datafield tag="801" ind1=" " ind2="0">
    <subfield code="a">RU</subfield>
    <subfield code="b">NLR</subfield>
    <subfield code="c">20061002</subfield>
    <subfield code="g">psbo</subfield>
  </datafield>
  <datafield tag="801" ind1=" " ind2="0">
    <subfield code="a">RU</subfield>
    <subfield code="b">RuMoRGB</subfield>
    <subfield code="c">20061002</subfield>
    <subfield code="2">psbo</subfield>
  </datafield>
  <datafield tag="801" ind1=" " ind2="1">
    <subfield code="a">RU</subfield>
    <subfield code="b">ProSoft-M</subfield>
    <subfield code="c">20061002</subfield>
    <subfield code="2">rusmarc</subfield>
  </datafield>
  <datafield tag="852" ind1=" " ind2=" ">
    <subfield code="a">NLR</subfield>
    <subfield code="j">20.47.7.23</subfield>
  </datafield>
  <datafield tag="942" ind1=" " ind2=" ">
    <subfield code="c">BOOK</subfield>
  </datafield>
  <datafield tag="980" ind1=" " ind2=" ">
    <subfield code="a">NB</subfield>
  </datafield>
  <datafield tag="995" ind1=" " ind2=" ">
    <subfield code="5">2013-10-26</subfield>
    <subfield code="b">NLR02</subfield>
    <subfield code="c">NLR02</subfield>
    <subfield code="e">RFS</subfield>
    <subfield code="f">5240321-10</subfield>
    <subfield code="k">20.47.7.23</subfield>
    <subfield code="o">0</subfield>
    <subfield code="r">BOOK</subfield>
    <subfield code="s">2047723_</subfield>
  </datafield>
</record>
